| 000 | 00556nam a2200133Ia 4500 | ||
|---|---|---|---|
| 005 | 20260209120153.0 | ||
| 008 | 260209s9999||||xx |||||||||||||| ||und|| | ||
| 100 | _aSagar Gasti | ||
| 245 | 2 | _aA critical analysis of bail jurisprudence under the prevention of money laundering act, 2002 in view of the principles of criminal justice | |
| 260 |
_aBangaloreBangalore _bNLSIU, Bangalore _c2024 - 2025 |
||
| 300 | _a30 p. ; 25 cm. | ||
| 700 | _aMr. Pranav Verma - SupervisorMr. Pranav Verma - Supervisor | ||
| 856 | _uhttps://dans.nls.ac.in/handle/123456789/2510 | ||
| 999 |
_c217803 _d217803 |
||